[Event "4NCL Online Division 4"]
[Site "online"]
[Date "2020.04.21"]
[Round "3.54"]
[White "Randall, Grant"]
[Black "Harris, John"]
[Result "0-1"]
[WhiteElo "1540"]
[BlackElo "1712"]
[PlyCount "66"]
[EventDate "2020.04.21"]
[WhiteTeam "Urmston"]
[BlackTeam "Chessmates"]

1. e4 d6 2. d4 Nf6 3. Nc3 e5 4. dxe5 dxe5 5. Qxd8+ Kxd8 6. Bg5 c6 7. Nf3 Bd6 8.
O-O-O Ke7 9. Bc4 Bc7 10. Rd2 Nbd7 11. Rhd1 h6 12. Bxf6+ Nxf6 13. Kb1 b5 14. Bd3
a5 15. Nh4 g6 16. Rf1 Re8 17. g3 Bh3 18. Re1 Kf8 19. Bf1 Be6 20. Bg2 Kg7 21.
Rf1 a4 22. f4 Bc4 23. Ne2 b4 24. b3 axb3 25. cxb3 Bb5 26. Bf3 h5 27. f5 g5 28.
Ng2 g4 29. Ne1 gxf3 30. Nxf3 Nxe4 31. Rd7 Bxe2 32. Re1 Nc3+ 33. Kb2 Rxa2+ 0-1

[Event "4NCL Online Division 4"]
[Site "online"]
[Date "2020.04.21"]
[Round "3.61"]
[White "Spiller, Paul"]
[Black "Tarling, Ray"]
[Result "0-1"]
[WhiteElo "1900"]
[BlackElo "1930"]
[PlyCount "66"]
[EventDate "2020.04.21"]
[WhiteTeam "Clevedon"]
[BlackTeam "Guildford Gatekeepers"]

1. e4 c5 2. d4 cxd4 3. c3 dxc3 4. Nxc3 Nc6 5. Nf3 d6 6. Bc4 e6 7. O-O Nf6 8.
Qe2 Be7 9. Rd1 e5 10. Bg5 O-O 11. h3 a6 12. Rac1 Be6 13. Bxe6 fxe6 14. Qc4 Qd7
15. Na4 Na5 16. Nxe5 Nxc4 17. Nxd7 Rfd8 18. Rxc4 b5 19. Rc7 bxa4 20. Nb6 Rab8
21. Nxa4 Kf8 22. b3 h6 23. Bxf6 Bxf6 24. Rc6 Rb4 25. Rdxd6 Rxe4 26. Rxd8+ Bxd8
27. Rxa6 Re1+ 28. Kh2 Re2 29. Nc5 Bc7+ 30. g3 Ke7 31. Kg2 e5 32. Kf3 Re1 33.
Nd3 e4+ 0-1

[Event "4NCL Online Division 4"]
[Site "online"]
[Date "2020.04.21"]
[Round "3.62"]
[White "Kammin, Samuel"]
[Black "Bellingham, Andy"]
[Result "0-1"]
[WhiteElo "1795"]
[BlackElo "1885"]
[PlyCount "66"]
[EventDate "2020.04.21"]
[WhiteTeam "Guildford Gatekeepers"]
[BlackTeam "Clevedon"]

1. Nf3 d5 2. d4 Nf6 3. c4 e6 4. g3 Be7 5. Bg2 b6 6. O-O Bb7 7. Bf4 c5 8. dxc5
Bxc5 9. cxd5 exd5 10. Qa4+ Bc6 11. Qc2 O-O 12. Nbd2 Qe7 13. Ne5 Bb7 14. Rac1 g5
15. Bxg5 Qxe5 16. Nf3 Qe6 17. h4 Ne4 18. Bf4 Nc6 19. Ng5 Nxg5 20. hxg5 Nd4 21.
Qd3 Nxe2+ 22. Kh2 Nxc1 23. Rxc1 Bxf2 24. Qf3 Bc5 25. Bh3 Qe4 26. Qh5 Rae8 27.
Bg2 Qe2 28. Qh4 d4 29. Rg1 d3 30. Qh3 Bxg1+ 31. Kxg1 Qxg2+ 32. Qxg2 Bxg2 33.
Kxg2 Re2+ 0-1

[Event "4NCL Online Division 4"]
[Site "online"]
[Date "2020.04.21"]
[Round "3.63"]
[White "Iles, Stuart P"]
[Black "Merriman, Rob"]
[Result "1-0"]
[WhiteElo "1832"]
[BlackElo "1727"]
[PlyCount "91"]
[EventDate "2020.04.21"]
[WhiteTeam "Clevedon"]
[BlackTeam "Guildford Gatekeepers"]

1. b4 e5 2. Bb2 Bxb4 3. Bxe5 Nf6 4. e3 O-O 5. Nf3 d5 6. Be2 Nbd7 7. Bb2 b6 8.
O-O Bb7 9. d3 Qe7 10. Nbd2 Rad8 11. Nd4 Bxd2 12. Qxd2 c5 13. Nf5 Qe6 14. Ng3
Rfe8 15. d4 c4 16. Bf3 b5 17. Qb4 Qb6 18. Nf5 Nb8 19. a4 a5 20. Qxb5 Qa6 21.
Bc3 Nc6 22. Rab1 Rb8 23. Nd6 Re7 24. Bxd5 Qxb5 25. axb5 Nxd5 26. bxc6 Nxc3 27.
Rxb7 Rexb7 28. cxb7 a4 29. Ra1 Kf8 30. Ra3 Nd5 31. Rxa4 Nb6 32. Ra6 Nd7 33. Ra8
Ke7 34. Rxb8 Nxb8 35. Nxc4 Kd7 36. Ne5+ Ke6 37. Nd3 Kd5 38. Kf1 Kc6 39. Nc5 Kc7
40. Ke2 Nc6 41. Kd3 Nb4+ 42. Kc3 Nd5+ 43. Kc4 Nb6+ 44. Kb5 Nd5 45. c4 Nc3+ 46.
Ka6 1-0

[Event "4NCL Online Division 4"]
[Site "online"]
[Date "2020.04.21"]
[Round "3.64"]
[White "Tarling, Adam"]
[Black "Peters, David"]
[Result "1/2-1/2"]
[WhiteElo "1705"]
[BlackElo "1795"]
[PlyCount "109"]
[EventDate "2020.04.21"]
[WhiteTeam "Guildford Gatekeepers"]
[BlackTeam "Clevedon"]

1. e4 c5 2. c3 d5 3. exd5 Qxd5 4. d4 e6 5. Nf3 Nf6 6. Be2 Nc6 7. O-O Be7 8. Be3
Ng4 9. Bf4 O-O 10. h3 Nf6 11. Be3 cxd4 12. Nxd4 Nxd4 13. Qxd4 b6 14. Bf3 Qxd4
15. Bxd4 Ba6 16. Re1 Rac8 17. Nd2 Bb5 18. Nb3 Bc6 19. Bxc6 Rxc6 20. Re3 Rd8 21.
Rae1 Rcd6 22. Be5 Rd1 23. Nd4 Rxe1+ 24. Rxe1 Bc5 25. Nb3 Be7 26. g3 Rd5 27. Kg2
Nd7 28. Bd4 Nc5 29. Nxc5 Bxc5 30. Bxc5 bxc5 31. Re2 Kf8 32. Kf3 Ke7 33. b4 Kd6
34. Ke3 e5 35. Rd2 f5 36. f3 Rxd2 37. Kxd2 cxb4 38. cxb4 Kd5 39. Kd3 e4+ 40.
fxe4+ fxe4+ 41. Ke3 Kc4 42. Kxe4 Kxb4 43. Ke5 Ka3 44. Ke6 Kxa2 45. Kf7 Kb2 46.
Kxg7 a5 47. Kxh7 a4 48. g4 a3 49. g5 a2 50. g6 a1=Q 51. g7 Qh1 52. g8=Q Qxh3+
53. Kg7 Qg4+ 54. Kf7 Qxg8+ 55. Kxg8 1/2-1/2

[Event "4NCL Online Division 4"]
[Site "online"]
[Date "2020.04.21"]
[Round "3.71"]
[White "Hooker, Steve"]
[Black "Patel, Rishi"]
[Result "0-1"]
[WhiteElo "1990"]
[BlackElo "1891"]
[PlyCount "64"]
[EventDate "2020.04.21"]
[WhiteTeam "Dorking"]
[BlackTeam "Harrow 3"]

1. e4 e5 2. Nf3 Nc6 3. Bb5 a6 4. Ba4 Nf6 5. d3 b5 6. Bb3 Be7 7. a3 d5 8. exd5
Nxd5 9. O-O Nd4 10. Nxd4 exd4 11. Qh5 Be6 12. Re1 O-O 13. Nd2 Re8 14. Ne4 h6
15. a4 Qd7 16. Bd2 c6 17. h3 Rac8 18. Kh1 Red8 19. Rg1 c5 20. axb5 axb5 21. g4
c4 22. dxc4 bxc4 23. Ba4 Qc7 24. g5 Nf4 25. Bxf4 Qxf4 26. gxh6 Qxe4+ 27. f3 Qh4
28. Rxg7+ Kh8 29. Qxh4 Bxh4 30. b3 d3 31. bxc4 Bf6 32. Rd1 dxc2 0-1

[Event "4NCL Online Division 4"]
[Site "online"]
[Date "2020.04.21"]
[Round "3.72"]
[White "Manmay Chopra"]
[Black "Herman, Thomas"]
[Result "1/2-1/2"]
[WhiteElo "1855"]
[BlackElo "1802"]
[PlyCount "115"]
[EventDate "2020.04.21"]
[WhiteTeam "Harrow 3"]
[BlackTeam "Dorking"]

1. e4 Nc6 2. Nf3 e5 3. Bc4 Bc5 4. O-O Nf6 5. d3 h6 6. h3 O-O 7. Re1 d6 8. c3
Re8 9. Bb3 d5 10. Nbd2 Be6 11. Bc2 a5 12. Qe2 b5 13. Nb3 Bb6 14. d4 a4 15. Nc5
Bxc5 16. dxc5 dxe4 17. Bxe4 Nxe4 18. Qxe4 Bd5 19. Qg4 Qf6 20. Nd2 Rad8 21. Ne4
Bxe4 22. Qxe4 Qe6 23. g4 h5 24. Be3 g6 25. Kh2 hxg4 26. Qxg4 Kg7 27. Qxe6 Rxe6
28. Rad1 Ree8 29. f4 e4 30. Bd4+ Nxd4 31. cxd4 Rd5 32. Kg3 f5 33. Kf2 Rh8 34.
Rh1 Rh4 35. Kg3 Rh8 36. Kf2 Kf6 37. h4 c6 38. Ke3 Rh5 39. Rh3 Rd8 40. Rdh1 Rdh8
41. Kd2 Ke6 42. Ke3 Kd5 43. R1h2 b4 44. Rh1 Kc4 45. Rc1+ Kb5 46. Rch1 b3 47. a3
R5h7 48. R3h2 Rd7 49. Rc1 Rhd8 50. Rd2 Rh7 51. Rh2 Rdh8 52. Rch1 Kc4 53. Rc1+
Kd5 54. Rch1 Rh5 55. Rh3 R5h7 56. R3h2 Rh5 57. Rh3 R5h7 58. R3h2 1/2-1/2

[Event "4NCL Online Division 4"]
[Site "online"]
[Date "2020.04.21"]
[Round "3.73"]
[White "Davies, Will"]
[Black "Cobben, Jan M"]
[Result "0-1"]
[WhiteElo "1547"]
[BlackElo "1787"]
[PlyCount "48"]
[EventDate "2020.04.21"]
[WhiteTeam "Dorking"]
[BlackTeam "Harrow 3"]

1. e4 e5 2. f4 exf4 3. Nf3 Nf6 4. e5 Nh5 5. d4 d5 6. exd6 Bxd6 7. Bc4 O-O 8.
O-O c5 9. Nc3 cxd4 10. Ne2 Nc6 11. Kh1 Bg4 12. Nfxd4 Qh4 13. Nf3 Ng3+ 14. Nxg3
Bxf3 15. Rxf3 fxg3 16. h3 Qxc4 17. Qxd6 Rad8 18. Qxg3 Rd1+ 19. Kh2 g6 20. Rc3
Qf1 21. Qe3 Qh1+ 22. Kg3 Nd4 23. Qe4 Nf5+ 24. Kg4 Rd4 0-1

[Event "4NCL Online Division 4"]
[Site "online"]
[Date "2020.04.21"]
[Round "3.74"]
[White "O'Neill, Richard"]
[Black "Sedgwick, Robert"]
[Result "1/2-1/2"]
[WhiteElo "1645"]
[BlackElo "1502"]
[PlyCount "85"]
[EventDate "2020.04.21"]
[WhiteTeam "Harrow 3"]
[BlackTeam "Dorking"]

1. d4 d5 2. e3 Nc6 3. f4 Bf5 4. c3 Nf6 5. Nf3 e6 6. Nbd2 Be7 7. Be2 O-O 8. O-O
h6 9. Ne5 Ne4 10. Nxe4 Bxe4 11. Bd3 Bxd3 12. Nxd3 f5 13. Kh1 Bf6 14. b4 b6 15.
a4 Qe7 16. Ba3 Qf7 17. b5 Ne7 18. Qc2 Rfc8 19. Ne5 Bxe5 20. fxe5 g5 21. g4 Re8
22. Bxe7 Rxe7 23. gxf5 Qh7 24. Qf2 Rf8 25. f6 Qe4+ 26. Qf3 Qxf3+ 27. Rxf3 Ref7
28. Rc1 Kh7 29. c4 Kg6 30. c5 h5 31. cxb6 cxb6 32. Rc6 Re8 33. Kg2 g4 34. Rf2
Kg5 35. Rfc2 Kf5 36. Rc7 Ref8 37. Rxf7 Rxf7 38. Kf2 Ke4 39. Rc3 Rh7 40. Kg3 Rf7
41. Kf2 Kf5 42. Kg3 Ke4 43. Kf2 1/2-1/2

[Event "4NCL Online Division 4"]
[Site "online"]
[Date "2020.04.21"]
[Round "3.81"]
[White "Retallick, Lloyd"]
[Black "Burroughs, Adam"]
[Result "0-1"]
[WhiteElo "2065"]
[BlackElo "1847"]
[PlyCount "48"]
[EventDate "2020.04.21"]
[WhiteTeam "East Cornwall Killers"]
[BlackTeam "Downend 2"]

1. c4 c5 2. Nc3 Nc6 3. g3 g6 4. Bg2 Bg7 5. Nf3 e6 6. d3 Nge7 7. Bg5 O-O 8. O-O
h6 9. Bd2 d5 10. a3 dxc4 11. dxc4 Nf5 12. Rb1 a5 13. Nb5 e5 14. Ne1 Be6 15. b3
a4 16. b4 cxb4 17. Bxb4 Qxd1 18. Rxd1 Nxb4 19. axb4 Bxc4 20. Nc3 e4 21. Bxe4
Bxc3 22. Rc1 Bxe2 23. Rxc3 Bxf1 24. Bxf5 gxf5 0-1

[Event "4NCL Online Division 4"]
[Site "online"]
[Date "2020.04.21"]
[Round "3.82"]
[White "Pickup, Ian R"]
[Black "Healey, Grant"]
[Result "0-1"]
[WhiteElo "1780"]
[BlackElo "1952"]
[PlyCount "46"]
[EventDate "2020.04.21"]
[WhiteTeam "Downend 2"]
[BlackTeam "East Cornwall Killers"]

1. e4 d5 2. exd5 Nf6 3. Bb5+ Bd7 4. Bc4 Bg4 5. f3 Bf5 6. Ne2 Nxd5 7. d4 e6 8.
Bd3 Bxd3 9. Qxd3 Nc6 10. a3 Qh4+ 11. g3 Qf6 12. c4 Nb6 13. Nbc3 O-O-O 14. Ne4
Qg6 15. Nf4 Qf5 16. g4 Qa5+ 17. Bd2 Qa6 18. O-O Rxd4 19. Qe2 Qxc4 20. Qe1 Nd5
21. Rc1 Qb5 22. Rc5 Bxc5 23. Nxd5 Rxd5+ 0-1

[Event "4NCL Online Division 4"]
[Site "online"]
[Date "2020.04.21"]
[Round "3.83"]
[White "Trudeau, Gary"]
[Black "Ahmed, Bilal"]
[Result "1-0"]
[WhiteElo "1870"]
[BlackElo "1637"]
[PlyCount "35"]
[EventDate "2020.04.21"]
[WhiteTeam "East Cornwall Killers"]
[BlackTeam "Downend 2"]

1. e4 c5 2. Nf3 e6 3. d4 cxd4 4. Nxd4 Nf6 5. Nc3 d6 6. g4 Be7 7. g5 Nfd7 8. Rg1
g6 9. Ndb5 Nb6 10. Bf4 e5 11. Be3 a6 12. Na3 O-O 13. Qd2 Re8 14. O-O-O N6d7 15.
Nd5 Bf8 16. Nc4 Nc6 17. Ncb6 Nxb6 18. Bxb6 1-0

[Event "4NCL Online Division 4"]
[Site "online"]
[Date "2020.04.21"]
[Round "3.84"]
[White "Benkhoucha, Samy"]
[Black "Hill, Michael"]
[Result "1-0"]
[WhiteElo "1427"]
[BlackElo "1727"]
[PlyCount "43"]
[EventDate "2020.04.21"]
[WhiteTeam "Downend 2"]
[BlackTeam "East Cornwall Killers"]

1. e4 c6 2. Nf3 d5 3. Nc3 dxe4 4. Nxe4 Bg4 5. c3 e6 6. d4 Nd7 7. h3 Bh5 8. Bd3
Ngf6 9. Ng3 Bxf3 10. Qxf3 Be7 11. O-O Qc7 12. a4 Nb6 13. c4 Rd8 14. Re1 Qd7 15.
d5 exd5 16. Nf5 Kf8 17. Rxe7 Qxe7 18. Nxe7 Kxe7 19. b3 dxc4 20. Ba3+ Kd7 21.
Bf5+ Kc7 22. Qg3+ 1-0

[Event "4NCL Online Division 4"]
[Site "online"]
[Date "2020.04.21"]
[Round "3.91"]
[White "Phillips, William"]
[Black "Rathbone-Jones, Ifan"]
[Result "0-1"]
[WhiteElo "1870"]
[BlackElo "2072"]
[PlyCount "78"]
[EventDate "2020.04.21"]
[WhiteTeam "Hatch End A"]
[BlackTeam "To Be Decided"]

1. d4 d5 2. c4 c6 3. Nf3 e6 4. Nc3 Nf6 5. Bg5 Nbd7 6. e3 b6 7. cxd5 exd5 8. Bd3
Be7 9. O-O O-O 10. Rc1 Bb7 11. Ne2 Ne4 12. Bxe7 Qxe7 13. Ng3 f5 14. Nd2 g6 15.
Ndxe4 fxe4 16. Be2 a5 17. Qb3 a4 18. Qc3 Rf6 19. f4 exf3 20. Bxf3 a3 21. b3 b5
22. e4 dxe4 23. Nxe4 Re6 24. Nc5 Nxc5 25. Qxc5 Rd8 26. Rfd1 Qg7 27. d5 cxd5 28.
Bxd5 Bxd5 29. Rxd5 Rde8 30. Qxb5 Qb2 31. Rdd1 Qxa2 32. Qc4 Qe2 33. Qd5 a2 34.
Re1 Qa6 35. Ra1 Qb6+ 36. Kh1 Qc6 37. Qa5 Rxe1+ 38. Rxe1 Rxe1+ 39. Qxe1 Qe4 0-1

[Event "4NCL Online Division 4"]
[Site "online"]
[Date "2020.04.21"]
[Round "3.92"]
[White "Gurner, Jem"]
[Black "Breed, Greg J"]
[Result "1/2-1/2"]
[WhiteElo "1975"]
[BlackElo "1825"]
[PlyCount "135"]
[EventDate "2020.04.21"]
[WhiteTeam "To Be Decided"]
[BlackTeam "Hatch End A"]

1. d4 d5 2. c4 e6 3. Nc3 Nf6 4. Nf3 c6 5. Bg5 Nbd7 6. Qc2 Qa5 7. Bd2 Qc7 8. e3
Be7 9. cxd5 cxd5 10. Bd3 h6 11. O-O O-O 12. Rac1 a6 13. Nxd5 Nxd5 14. Qxc7 Nxc7
15. Rxc7 Bd6 16. Rc2 Nf6 17. Rfc1 Bd7 18. e4 Ne8 19. e5 Be7 20. Be4 Rb8 21. Ne1
f5 22. Bf3 g5 23. d5 exd5 24. Bxd5+ Kh7 25. b3 Ba3 26. Rd1 Bb5 27. Bc1 Bxc1 28.
Rdxc1 Ng7 29. Rc7 Rfd8 30. Bxb7 a5 31. a4 Bd7 32. Bd5 Bxa4 33. bxa4 Rxd5 34.
R7c5 Rbd8 35. Kf1 Ne6 36. Rxd5 Rxd5 37. Rc6 Rxe5 38. Nf3 Re4 39. Nd2 Rd4 40.
Rxe6 Rxd2 41. Re5 Ra2 42. Rxa5 Ra1+ 43. Ke2 Ra2+ 44. Ke3 Ra3+ 45. Kd4 Ra2 46.
Rxf5 Rxa4+ 47. Ke3 Ra3+ 48. Ke2 Ra2+ 49. Kf3 Ra3+ 50. Ke4 Ra4+ 51. Ke5 Ra5+ 52.
Ke6 Ra6+ 53. Kd7 Kg6 54. Rf3 h5 55. g3 g4 56. Rf4 Kg5 57. Rd4 Ra2 58. Rf4 h4
59. Ke6 Re2+ 60. Kd5 h3 61. Kd4 Ra2 62. Ke3 Ra3+ 63. Ke4 Ra4+ 64. Ke5 Ra5+ 65.
Ke6 Ra6+ 66. Kf7 Ra7+ 67. Ke6 Ra6+ 68. Kf7 1/2-1/2

[Event "4NCL Online Division 4"]
[Site "online"]
[Date "2020.04.21"]
[Round "3.93"]
[White "Hayali, Laith"]
[Black "Chadha, Sambhav"]
[Result "1-0"]
[WhiteElo "1757"]
[BlackElo "1706"]
[PlyCount "83"]
[EventDate "2020.04.21"]
[WhiteTeam "Hatch End A"]
[BlackTeam "To Be Decided"]

1. e4 c5 2. Nf3 d6 3. d4 cxd4 4. Nxd4 Nf6 5. Nc3 g6 6. f3 Bg7 7. Be3 O-O 8. Qd2
Nc6 9. O-O-O d5 10. Kb1 Nxd4 11. Bxd4 dxe4 12. fxe4 Be6 13. h3 a6 14. Be2 b5
15. e5 Nd5 16. Ne4 Bf5 17. Nc5 Qc7 18. Bf3 Rfd8 19. Rhe1 Rac8 20. g4 Be6 21.
Nxa6 Qc4 22. b3 Qc6 23. Nc5 Qa8 24. Nxe6 fxe6 25. h4 Qa6 26. Bxd5 Rxd5 27. Qe2
Ra8 28. c3 Rad8 29. h5 Qc8 30. hxg6 hxg6 31. Rh1 b4 32. Qh2 Kf7 33. Qh7 bxc3
34. Rhf1+ Ke8 35. Qxg6+ Kd7 36. Qc2 Ke8 37. g5 Qc7 38. Qg6+ Kd7 39. Bxc3 Qxc3
40. Rxd5+ exd5 41. Rc1 Qxe5 42. Qc6# 1-0

[Event "4NCL Online Division 4"]
[Site "online"]
[Date "2020.04.21"]
[Round "3.94"]
[White "Jaberansari, Daniel"]
[Black "Pattni, Kishan"]
[Result "0-1"]
[WhiteElo "1645"]
[BlackElo "1757"]
[PlyCount "62"]
[EventDate "2020.04.21"]
[WhiteTeam "To Be Decided"]
[BlackTeam "Hatch End A"]

1. e4 e5 2. Nf3 Nc6 3. d4 exd4 4. Nxd4 Qf6 5. Be3 Bc5 6. c3 Nge7 7. Bc4 d5 8.
exd5 Ne5 9. Bb3 Qg6 10. Ba4+ c6 11. dxc6 O-O 12. g3 Nd3+ 13. Ke2 Nxb2 14. Qc2
Nxa4 15. Qxa4 Re8 16. Re1 Nd5 17. Kf1 Bh3+ 18. Kg1 Qe4 19. f3 Qd3 20. Qc2 Rxe3
21. Qxd3 Rxd3 22. cxb7 Rb8 23. Re5 Rxd4 24. cxd4 Bxd4+ 25. Kh1 Bxe5 26. g4 Bxa1
27. Kg1 Rxb7 28. Nd2 Bd4+ 29. Kh1 Rb2 30. f4 Rxd2 31. g5 Rd1# 0-1

[Event "4NCL Online Division 4"]
[Site "online"]
[Date "2020.04.21"]
[Round "3.101"]
[White "Clissold, Ben S"]
[Black "Boumphrey, Luke S"]
[Result "1-0"]
[WhiteElo "2135"]
[BlackElo "2020"]
[PlyCount "81"]
[EventDate "2020.04.21"]
[WhiteTeam "Manchester Juniors A"]
[BlackTeam "Atticus B"]

1. e4 c5 2. Nf3 d6 3. c3 Nf6 4. Bc4 Bd7 5. Qb3 e6 6. Qxb7 Bc6 7. Bb5 Qd7 8.
Bxc6 Qxc6 9. Qxc6+ Nxc6 10. d3 c4 11. dxc4 Nxe4 12. Nbd2 Nc5 13. Nd4 Nd3+ 14.
Ke2 Nxc1+ 15. Rhxc1 Ne5 16. f4 Nd7 17. Ne4 Nb6 18. b3 O-O-O 19. a4 e5 20. Nc6
Rd7 21. a5 Na8 22. fxe5 dxe5 23. Nxe5 Re7 24. Nd6+ Kc7 25. Ndxf7 Rg8 26. Kd3 g6
27. Rf1 Bg7 28. Ng4 h5 29. Ne3 Rd7+ 30. Nd5+ Kb8 31. Kc2 Nc7 32. Rad1 Ne6 33.
h4 Re8 34. Rde1 Nd4+ 35. cxd4 Rxe1 36. Rxe1 Rxf7 37. Re8+ Kb7 38. Re7+ Rxe7 39.
Nxe7 Bxd4 40. Nxg6 Bf6 41. b4 1-0

[Event "4NCL Online Division 4"]
[Site "online"]
[Date "2020.04.21"]
[Round "3.102"]
[White "Rothwell, James P"]
[Black "Parry, Samuel"]
[Result "0-1"]
[WhiteElo "1892"]
[BlackElo "1812"]
[PlyCount "58"]
[EventDate "2020.04.21"]
[WhiteTeam "Atticus B"]
[BlackTeam "Manchester Juniors A"]

1. e4 c5 2. Nf3 d6 3. d4 cxd4 4. Nxd4 Nf6 5. Nc3 g6 6. Be3 Bg7 7. f3 O-O 8. Qd2
Nc6 9. O-O-O d5 10. exd5 Nxd5 11. Nxc6 bxc6 12. Bd4 e5 13. Bc5 Be6 14. Ne4 Qc7
15. h4 Rfd8 16. Qe1 h5 17. Bc4 Rab8 18. Bb3 a5 19. a4 Rxb3 20. cxb3 Qb7 21.
Qxa5 Ra8 22. Nd6 Qb8 23. Qxa8 Qxa8 24. Kb1 Qb8 25. b4 Nxb4 26. Ne4 Bb3 27. Rd7
Bc2+ 28. Ka1 Nd3 29. Ba3 Bf8 0-1

[Event "4NCL Online Division 4"]
[Site "online"]
[Date "2020.04.21"]
[Round "3.103"]
[White "Clissold, Julian"]
[Black "Blasczyk, Martin"]
[Result "0-1"]
[WhiteElo "1795"]
[BlackElo "1690"]
[PlyCount "98"]
[EventDate "2020.04.21"]
[WhiteTeam "Manchester Juniors A"]
[BlackTeam "Atticus B"]

1. d4 e6 2. e4 d5 3. e5 c5 4. c3 Nc6 5. Nf3 Qb6 6. Bd3 Bd7 7. O-O cxd4 8. cxd4
Nxd4 9. Nxd4 Qxd4 10. Nc3 a6 11. Be3 Qxe5 12. Re1 Nf6 13. Bc5 Qb8 14. Bxf8 Kxf8
15. Rc1 Bc6 16. Na4 Bxa4 17. Qxa4 b5 18. Qb4+ Ke8 19. Rc6 Ra7 20. Rec1 Kd7 21.
Qa5 Ng4 22. Rb6 Qxh2+ 23. Kf1 Ne5 24. Bxb5+ Ke7 25. Rxa6 Qh1+ 26. Ke2 Qxc1 27.
Rxa7+ Kf6 28. Qd2 Rc8 29. Qxc1 Rxc1 30. Kd2 Rc5 31. a4 g5 32. b4 Rc8 33. Ba6
Nc6 34. Bxc8 Nxa7 35. Bb7 Ke5 36. b5 Kd6 37. b6 Nc6 38. Bxc6 Kxc6 39. a5 Kb7
40. Kd3 e5 41. f3 f5 42. Ke3 h5 43. Kd3 g4 44. fxg4 fxg4 45. Ke3 h4 46. Kf2 d4
47. Ke2 e4 48. Kf2 e3+ 49. Ke2 h3 0-1

[Event "4NCL Online Division 4"]
[Site "online"]
[Date "2020.04.21"]
[Round "3.104"]
[White "Burge, Steve J"]
[Black "Gardiner, Ethan"]
[Result "1/2-1/2"]
[WhiteElo "1675"]
[BlackElo "1795"]
[PlyCount "36"]
[EventDate "2020.04.21"]
[WhiteTeam "Atticus B"]
[BlackTeam "Manchester Juniors A"]

1. e4 e5 2. f4 d5 3. Nf3 exf4 4. exd5 Nf6 5. Bc4 Be7 6. O-O O-O 7. d4 Nxd5 8.
Bxd5 Qxd5 9. Bxf4 Bd6 10. Nc3 Qc6 11. Qd2 Bg4 12. Rae1 Nd7 13. Bxd6 Qxd6 14.
Ne4 Qg6 15. Qf2 Rfe8 16. Nh4 Qh5 17. h3 Be6 18. Qg3 Kh8 1/2-1/2

[Event "4NCL Online Division 4"]
[Site "online"]
[Date "2020.04.21"]
[Round "3.111"]
[White "Cole, Graham"]
[Black "Sandhu, Manvith"]
[Result "0-1"]
[WhiteElo "1818"]
[BlackElo "1885"]
[PlyCount "96"]
[EventDate "2020.04.21"]
[WhiteTeam "Oxford 3"]
[BlackTeam "Warwickshire Bears A"]

1. e4 Nc6 2. Nf3 d6 3. d4 Nf6 4. Nc3 g6 5. h3 Bg7 6. Be3 O-O 7. Qd2 e5 8. d5
Ne7 9. O-O-O a6 10. Bh6 b5 11. Bxg7 Kxg7 12. Bd3 c6 13. dxc6 Nxc6 14. g4 Be6
15. Kb1 Qa5 16. Ng5 Nd4 17. Nxe6+ fxe6 18. Ne2 Qxd2 19. Rxd2 Nf3 20. Rdd1 Rad8
21. Ng3 d5 22. exd5 exd5 23. c3 Nd7 24. Be2 Nc5 25. h4 Ne6 26. a4 bxa4 27. Bxa6
Nc5 28. Be2 e4 29. h5 Ng5 30. hxg6 hxg6 31. Rhf1 Nh3 32. f3 e3 33. Rd4 Nb3 34.
Rxa4 Nd2+ 35. Kc2 Nxf1 36. Nxf1 Nf4 37. Kd1 Ra8 38. Rxa8 Rxa8 39. Nxe3 Ra2 40.
Bb5 Rxb2 41. c4 d4 42. Nc2 d3 43. Nd4 Ng2 44. Ba4 Ne3+ 45. Kc1 Ra2 46. Bb3 d2+
47. Kb1 Ra3 48. Kb2 Rxb3+ 0-1

[Event "4NCL Online Division 4"]
[Site "online"]
[Date "2020.04.21"]
[Round "3.113"]
[White "Hobson, Kenneth"]
[Black "Shearsby, Jude"]
[Result "1/2-1/2"]
[WhiteElo "1825"]
[BlackElo "1847"]
[PlyCount "75"]
[EventDate "2020.04.21"]
[WhiteTeam "Oxford 3"]
[BlackTeam "Warwickshire Bears A"]

1. e4 Nc6 2. Nf3 d6 3. d4 Nf6 4. Nc3 Bg4 5. Be3 e5 6. d5 Ne7 7. Bg5 Ng6 8. Bb5+
Bd7 9. Bxd7+ Qxd7 10. h4 Be7 11. Qe2 h6 12. Be3 Qg4 13. O-O-O O-O 14. Nd2 Qxe2
15. Nxe2 Ng4 16. h5 Nxe3 17. fxe3 Nh8 18. Ng3 Bg5 19. Nf5 f6 20. c4 Nf7 21. b4
b6 22. Nb3 a5 23. b5 a4 24. Nd2 Nd8 25. Nf3 Nb7 26. Nxg5 fxg5 27. Rhf1 Nc5 28.
Ne7+ Kh7 29. Ng6 Rf6 30. Rxf6 gxf6 31. g4 Nxe4 32. a3 Re8 33. Rf1 Kg7 34. Rf5
Ng3 35. Rf3 Ne4 36. Rf5 Nc5 37. Kd2 Ne4+ 38. Kc1 1/2-1/2

[Event "4NCL Online Division 4"]
[Site "online"]
[Date "2020.04.21"]
[Round "3.114"]
[White "Dicen, Elis Denele"]
[Black "Finn, Chris"]
[Result "0-1"]
[WhiteElo "1697"]
[BlackElo "1877"]
[PlyCount "128"]
[EventDate "2020.04.21"]
[WhiteTeam "Warwickshire Bears A"]
[BlackTeam "Oxford 3"]

1. e4 e6 2. d4 d5 3. exd5 exd5 4. Bd3 Bd6 5. Nf3 Nf6 6. O-O O-O 7. c3 Bg4 8.
Bg5 c6 9. Nbd2 Nbd7 10. Qc2 Qc7 11. Rfe1 Rfe8 12. Bf5 h6 13. Be3 Bf4 14. h3
Bxe3 15. fxe3 Bxf5 16. Qxf5 Ne4 17. Nxe4 Rxe4 18. Nd2 Re6 19. Qf2 Rae8 20. Re2
Nf6 21. Rae1 Ne4 22. Nxe4 Rxe4 23. Rf1 Qe7 24. Rfe1 Qe6 25. Kh2 f5 26. g3 Kh7
27. Rf1 g6 28. Rfe1 g5 29. Rf1 f4 30. gxf4 gxf4 31. Qf3 Re7 32. Rff2 Rxe3 33.
Rxe3 Qxe3 34. Qg2 Rg7 35. Qf1 Rg3 36. Re2 Rxh3+ 37. Qxh3 Qxe2+ 38. Kh1 Qe1+ 39.
Kg2 Qg3+ 40. Qxg3 fxg3 41. Kxg3 Kg6 42. Kg4 Kf6 43. b3 h5+ 44. Kxh5 Kf5 45. Kh6
Ke4 46. Kg5 Kd3 47. Kf4 Kxc3 48. Ke3 Kb2 49. Kd3 Kxa2 50. Kc2 Ka3 51. Kc3 b6
52. Kc2 Kb4 53. Kb2 c5 54. dxc5 bxc5 55. Ka2 Kc3 56. Ka3 d4 57. Ka2 Kc2 58. b4
cxb4 59. Ka1 d3 60. Ka2 b3+ 61. Ka1 b2+ 62. Ka2 b1=Q+ 63. Ka3 Qb5 64. Ka2 Qa4#
0-1

[Event "4NCL Online Division 4"]
[Site "online"]
[Date "2020.04.21"]
[Round "3.121"]
[White "Bozinakis, Pavlos"]
[Black "Jennings, Richard"]
[Result "1-0"]
[WhiteElo "2216"]
[BlackElo "1872"]
[PlyCount "85"]
[EventDate "2020.04.21"]
[WhiteTeam "Phones Pals"]
[BlackTeam "Bon Accord B"]

1. d4 d5 2. c4 e6 3. Nc3 Nf6 4. Bg5 Nbd7 5. e3 c6 6. Nf3 Qa5 7. Nd2 Ne4 8.
Ndxe4 dxe4 9. Bf4 Bb4 10. Qc2 O-O 11. Be2 e5 12. Bg3 exd4 13. exd4 Re8 14. O-O
Bxc3 15. bxc3 Nf8 16. f3 Bf5 17. Qb3 exf3 18. Bxf3 Re7 19. Bd6 Rd7 20. Bb4 Qc7
21. Bxf8 Rxf8 22. Bxc6 Qxc6 23. Rxf5 g6 24. Rc5 Qe4 25. Re5 Qh4 26. Rae1 Kg7
27. c5 f5 28. Qd1 Rc8 29. Qe2 Rcc7 30. Re8 Rc6 31. Re7+ Rxe7 32. Qxe7+ Qxe7 33.
Rxe7+ Kf6 34. Rxb7 Ra6 35. d5 Ke5 36. d6 Rxa2 37. d7 Rd2 38. c6 Ke6 39. Rb8 Ke7
40. Re8+ Kf7 41. d8=Q Rxd8 42. Rxd8 Ke7 43. c7 1-0

[Event "4NCL Online Division 4"]
[Site "online"]
[Date "2020.04.21"]
[Round "3.122"]
[White "Vasiliadis, Theodoros"]
[Black "Narang, Vishal"]
[Result "1-0"]
[WhiteElo "1820"]
[BlackElo "1487"]
[PlyCount "127"]
[EventDate "2020.04.21"]
[WhiteTeam "Bon Accord B"]
[BlackTeam "Phones Pals"]

1. e4 e5 2. Nf3 Nc6 3. Bb5 Nd4 4. Bc4 Qf6 5. Nxd4 exd4 6. d3 Bb4+ 7. Nd2 Ne7 8.
O-O c6 9. a3 Ba5 10. Nf3 d5 11. Bg5 Qd6 12. Bxe7 Kxe7 13. exd5 cxd5 14. Ba2 Re8
15. Nxd4 Bc7 16. Qh5 Be6 17. Rfe1 g6 18. Qh6 Kd7 19. Nb5 Qc6 20. Nxc7 Kxc7 21.
c4 d4 22. Qxh7 Rad8 23. Re4 Qd6 24. Qg7 Kc8 25. Rae1 Rh8 26. g3 Qc6 27. Bb1 Bh3
28. b4 a6 29. Qxf7 Rhe8 30. Bc2 b5 31. Bb3 Rxe4 32. Rxe4 Bf5 33. Re5 Kb8 34.
cxb5 Qc1+ 35. Kg2 Bxd3 36. Qf4 Bf1+ 37. Kg1 Qxf4 38. gxf4 Bxb5 39. a4 Bc6 40.
f3 Bxf3 41. Kf2 Bg4 42. Kg3 Bh5 43. f5 d3 44. fxg6 Bxg6 45. Rg5 Be8 46. Rg8 d2
47. Kf2 Kc7 48. h4 d1=Q 49. Bxd1 Rxd1 50. Rxe8 Rd4 51. Re7+ Kb6 52. a5+ Kb5 53.
Rb7+ Ka4 54. Kg3 Rd3+ 55. Kg4 Rd4+ 56. Kg5 Rd5+ 57. Kg6 Rd6+ 58. Kg7 Rd5 59.
Rb6 Rh5 60. Rh6 Rd5 61. Rxa6 Kxb4 62. Kg6 Kb5 63. Rf6 Kxa5 64. Rf5 1-0